000 00946cab a22001815a 4500
001 L145604
008 081024s2008 xxkod f 000 0 eng d
035 _a(Sirsi) u145604
041 0 _aeng
110 2 _aDavis Langdon Mott Green Wall
_94650
245 0 0 _aPitch perfect
260 _c2008
490 _aBuilding Service Journal
_v30 (10) October 2008, 59-63 (5)
520 _aPresents the principles of a football stadium design, focusing on the services distribution. Details the requirements as to: lighting; pitch irrigation; domestic hot water; boiler flues; space heating; under-pitch heating; cooling; ventilation; fire protection; standby generation; uninterruptible power supply; cable containment; fire alarm, system; public address voice alarm system; security systems; match control room; lifts and other necessary systems.
651 4 _aUnited Kingdom
_y
690 _aPROPERTY-PROPERTY MANAGEMENT-OCCUPANCY COSTS
942 _n0
999 _c80895
_d80895